000 00790cab a2200277 4500
001 ABS48732
008 090401t1993 xxu||||| |||| 00| 0 eng d
035 _a(Sirsi) u68329
041 _aeng
100 _aLangleben, A.
245 _aSurveyors` negligent valuations : some practical hints
260 _c1993
350 _a0
490 _aSolicitors` Journal
_v137(19) 21 May 1993, 488-489
520 _aTwo articles which provide information on the mortgage valuation process from the lender`s viewpoint.
650 _aCONTRACT
650 _aCONTRIBUTORY NEGLIGENCE
650 _aLIABILITY
650 _aMORTGAGE VALUATIONS
650 _aNEGLIGENCE
650 _aSURVEYORS
650 _aVALUERS
690 _aRATING AND VALUATION
942 _n0
948 _c04/03/1997
999 _c42872
_d42872